| 000 | 00639nam a2200241Ia 4500 | ||
|---|---|---|---|
| 003 | OSt | ||
| 005 | 20220926044152.0 | ||
| 006 | a|||||r|||| 00| 0 | ||
| 007 | ta | ||
| 008 | 220923b |||||||| |||| 00| 0 eng d | ||
| 037 | _cGeneral Book | ||
| 040 |
_aRTL _cRTL _beng |
||
| 041 |
_2eng _aeng |
||
| 082 | _aX:514-8, L6 | ||
| 245 | 0 | _aMARKETING THROUGH the outside sales force | |
| 260 | _c1976 | ||
| 300 |
_a78p _ccm. |
||
| 490 | _aSales and Marketing Management Special Report | ||
| 500 | _aBibliography: p 77-78 | ||
| 650 |
_aSalesmanship _9229886 |
||
| 942 |
_hX:514-8, L6 _cGB _2CC |
||
| 999 |
_c674130 _d674130 |
||